Oktober 2025 - Quiz - Statistiken

Allgemein
  • Dieses Quiz wurde 36 mal gespielt
  • Das Durchschnittsergebnis liegt bei 7 aus 15
Antwortstatistiken
Datum Frage Antwort % Korrekt
19.10 In welchem weltberühmten Museum findet ein Einbruch statt? Louvre
94%
3.10 Zum wievielten Mal findet der Tag der Deutschen Einheit statt? 35
85%
10.10 Aus welchem Land kommt die Friedensnobelpreisträgerin Maria Corina Machado? Venezuela
59%
1.10 Welches Ereignis passiert zum 4. Mal unter US-Präsident Trump, sodass die "Bundesverwaltung stillgelegt" ist? Government Shutdown
53%
29.10 In welchem Land gewinnt die D66 knapp die Parlamentswahl vor der PVV? Niederlande
53%
18.10 Welcher Ausdruck wird zum Jugendwort des Jahres? Das crazy
50%
15.10 Welcher Immobilieninvestor wird in Innsbruck zu 2 Jahren Haft verurteilt? René Benko
50%
13.10 In welchem Land findet ein Gipfeltreffen für ein Abkommen im Nahost-Konflikt statt? Ägypten
47%
24.10 In welchem Land gewinnt Catherine Connolly die Präsidentschaftswahl? Irland
47%
1.10 Welche britische Verhaltensforscherin, welche für die Arbeit mit Schimpansen bekannt wurde, stirbt im Alter von 91 Jahren? Jane Goodall
41%
25.10 In Sölden beginnt die Weltcup-Saison welcher Sportart? Ski Alpin
41%
17.10 Welche deutsche Zeitung erscheint letztmalig als gedruckte Tageszeitung? taz
41%
2.10. Vor was für einem Gebäude sterben in Manchester 2 Menschen bei einem Anschlag? Synagoge
35%
28.10 Wie heißt der Hurrikan, welcher auf Jamaika und andere Karibikinseln trifft? Melissa
21%
24.10 Welcher Vize-Weltmeister von 1966 und Werder Bremen-Legende stirbt im Alter von 86 Jahren? Max Lorenz
3%
Keine übereinstimmenden Quizze gefunden
Verteilung der Resultate
Anzahl Personen mit jedem Resultat
Perzentil nach korrekt beantworteten Fragen
Ihre Resultats-Entwicklung
Sie haben dieses Quiz noch nicht gespielt